Situación de la mujer hondureña
Zapisane w:
| Format: | Książka |
|---|---|
| Język: | Spanish |
| Etykiety: |
Dodaj etykietę
Nie ma etykietki, Dołącz pierwszą etykiete!
|
MARC
| LEADER | 00000nam a22000007a 4500 | ||
|---|---|---|---|
| 003 | cru CIDCACS/IIS | ||
| 005 | 20181108161240.0 | ||
| 007 | ta | ||
| 008 | 181108s1992 ho |||p|r|||||||| ||spa|d | ||
| 999 | |c 41895 |d 41895 | ||
| 040 | |c cru CIDCACS/IIS | ||
| 245 | |a Situación de la mujer hondureña | ||
| 300 | |a páginas 8-9: |b tabla, foto | ||
| 773 | 0 | |0 41867 |9 2395 |a Comité para la Defensa de los Derechos Humanos (Honduras) |d Tegucigalpa; Honduras: |o 18127 |t CODEH: | |
| 942 | |2 ddc |c PP | ||
